00378 a2200157 450000500170000001000130001702000260003003500130005603700090006908200060007810000200008424500350010426000360013927000230017530000220019820240530114223.0 aB-759264 a9789390590346c399.00 aB-759264 bGift aN aAlexander, K.R. aThe Collected/bK.R. Alexander aNew YorkbScholastic Inc.c2023 aNew YorkbNew York a150 p.c19 cm(Pb)